Dynasties du Saint Empire Romain Germanique - Statistiques

Statistiques générales
  • Ce quiz a été pris 80 fois
  • Le résultat moyen est 10 sur 18
Statistiques - réponses
Dates Dynastie Premier Souverain Dernier Souverain % Correct
1273-1291 Habsbourg Rodolphe I Rodolphe I
94%
1298-1308 Habsbourg Albert I Albert I
94%
1438-1740 Habsbourg Albert II Charles VI
94%
962-1024 Ottoniens Otton Ier Henri II
64%
1312-1313 Luxembourg Henri VII Henri VII
59%
1355-1400 Luxembourg Charles IV Venceslas
59%
1411-1437 Luxembourg Sigismond Sigismond
59%
17651806 Habsbourg-Lorraine Joseph II François II
56%
1745-1765 Lorraine Francois I François I
53%
1138-1197 Hohenstaufen Conrad III Henri VI
48%
1328-1347 Wittelsbach Louis IV Louis IV
48%
1400-1410 Wittelsbach Robert Robert
48%
1742-1745 Wittelsbach Charles VII Charles VII
48%
1215-1250 Hohenstaufen Frédéric II Frédéric II
45%
1127-1125 Franconiens (saliens) Conrad II Henri V
36%
1209-1215 Welf Otton IV Otton IV
34%
1292-1298 Nassau Adolphe Adolphe
19%
1133-1137 Supplimbourg Lothaire III Lothaire III
13%
Aucun quiz correspondant
Distribution des résultats
% des personnes avec chaque résultat
Percentile par nombre de réponses
Votre historique - résultats
Vous n’avez pas pris ce quiz